| 000 | 00369nam a2200157Ia 4500 | ||
|---|---|---|---|
| 005 | 20240807061924.0 | ||
| 008 | 240806s9999||||xx |||||||||||||| ||eng|| | ||
| 041 | _aeng | ||
| 082 |
_a891.4312 _bMIRA |
||
| 100 | _aHada, Madhav | ||
| 245 | 0 |
_aPachrang chola pahar sakhi ri / _cHada, Madhav |
|
| 260 | _bVadi Prakashan | ||
| 300 | _a166 | ||
| 650 | _aHindi | ||
| 942 | _cBK | ||
| 999 |
_c3050 _d3050 |
||